008200000a22002410004500090001300000100003100013700002900044245014200073044001300215041001400228690003200242690001700274690002800291690002500319690002600344690002400370690002600394690002400420651002100444942001300465773008300478999001700561 aSERIADAS1 aSierra, María T.91006841 aPatiño, Miguel910068510aDiversidad íctica de la pesca en la zona de influencia del municipio de Puerto Inírida, Guainíaslista de especies y distribución aColombia0 aEspañol aInventarios de peces997463 aPeces992349 aMyliobatiformes9100686 aClupeiformes9100687 aChariciformes9100688 aSiluriformes996870 aGymnotiformes9100689 aPerciformes9100690 4dGuainía992749 cARTICULO1 tDahliakRevista de la Asociación Colombiana de Ictiólogosh10q57-63d2008 c16371d16371